• 首页
  • 本馆介绍
  • 公告通知
  • 最新文献
  • 馆藏检索
  • 电子资源
  • 读者导购
  • 参考咨询
  • 我的图书馆
  • 登录
  • 详细信息显示
  • 放入我的书架
  • 预约/预借图书
  • 作者相关作品
  • 分类相关作品
  • 丛书相关作品
  • 出版社相关作品

书目信息

  • 表格格式
  • 工作单格式
  • 卡片格式
题名:
MySQL数据库教程
    
 
作者: 郑阿奇 主编
分册:  
出版信息: 北京   人民邮电出版社  2017.06
页数: 287页
开本: 26cm
丛书名:
单 册:
中图分类: TP311.132.3-43 , TP311.138MY-43 , TP311.132.3
科图分类:
主题词: 关系数据库--数据库管理系统,MySQL--高等学校--教材
电子资源:
ISBN: 978-7-115-45413-3
000 01430nam0 2200277 450
001 151
005 20180921095257.55
010    @a978-7-115-45413-3@dCNY49.80
100    @a20170905d2017 em y0chiy50 ea
101 0  @achi
102    @aCN@b110000
105    @ay z 000yy
200 1  @aMySQL数据库教程@9MySQL shu ju ku jiao cheng@e必知必会+快速进阶+实战应用@e视频指导版@dMySQL database course@evideo guide edition@f郑阿奇主编@zeng
210    @a北京@c人民邮电出版社@d2017.06
215    @a287页@d26cm
300    @a普通高等学校计算机教育“十二五”规划教材
330    @a本书以当前较流行的MySQL 5.7作为平台,系统介绍MySQL数据库原理及其应用。具体内容涉及MySQL初步、MySQL数据库和表、MySQL查询和视图、MySQL索引与完整性约束、MySQL语言、MySQL存储过程函数触发器事件、MySQL数据库备份与恢复、MySQL用户权限维护和MySQL十五管理。通过实验对命令进行操作练习,保证实验内容和教程同步,教程实例和实验实例分别自成系统,简单方便。在介绍MySQL基础上,进行综合应用实习,包含目前较流行的PHP、C#、JavaEE、等平台操作数据库的基本方法。附录中包含的客户端MySQL操作软件和Web方式MySQL操作软件的安装与使用说明。
510 1  @aMySQL database course@evideo guide edition@zeng
606 0  @a关系数据库@x数据库管理系统,MySQL@x高等学校@j教材
610 0  @aMySQL
690    @aTP311.132.3-43@v5
690    @aTP311.138MY-43@v5
690    @aTP311.132.3@v4
701  0 @a郑阿奇@9Zheng A Qi@4主编
801  0 @aCN@b91MARC@c20170905
905    @aMuseLib@dTP311.132.3@e1242
    
    MySQL数据库教程:必知必会+快速进阶+实战应用:视频指导版=MySQL database course:video guide edition/郑阿奇主编.-北京:人民邮电出版社,2017.06
    287页;26cm
    普通高等学校计算机教育“十二五”规划教材
    
    ISBN 978-7-115-45413-3:CNY49.80
    本书以当前较流行的MySQL 5.7作为平台,系统介绍MySQL数据库原理及其应用。具体内容涉及MySQL初步、MySQL数据库和表、MySQL查询和视图、MySQL索引与完整性约束、MySQL语言、MySQL存储过程函数触发器事件、MySQL数据库备份与恢复、MySQL用户权限维护和MySQL十五管理。通过实验对命令进行操作练习,保证实验内容和教程同步,教程实例和实验实例分别自成系统,简单方便。在介绍MySQL基础上,进行综合应用实习,包含目前较流行的PHP、C#、JavaEE、等平台操作数据库的基本方法。附录中包含的客户端MySQL操作软件和Web方式MySQL操作软件的安装与使用说明。
●
相关链接 在E读中查询图书 在五车中查询图书 在当当中查询图书 在豆瓣中查询图书


正题名:MySQL数据库教程     索取号:TP311.132.3/1242         预约/预借

序号 登录号 条形码 馆藏地/架位号 状态 备注
1 1118494   211184948   第二样本阅览室/ [索取号:TP311.132.3/1242] 在馆    
2 1118495   211184957   第三借阅区/ [索取号:TP311.132.3/1242] 在馆    
3 1118496   211184966   第三借阅区/ [索取号:TP311.132.3/1242] 在馆    
4 1118497   211184975   第三借阅区/ [索取号:TP311.132.3/1242] 在馆    
5 1118498   211184984   第三借阅区/ [索取号:TP311.132.3/1242] 在馆    
唐山师范学院图书馆 欢迎您!
大连网信软件有限公司© 版权所有